Sąsiedzi Polski - nagła śmierć (2 życia) - Statystyki

Ogólne statystyki
  • Ten quiz został rozwiązany 65 razy
  • Średni wynik to 7 z 7
Answers on the Grid
Answers color-coded by a green-red scale on the quiz's grid according to % correct below.
Niemcy
Czechy
Słowacja
Ukraina
Białoruś
Litwa
Rosja
Łotwa
Austria
Węgry
Serbia
Szwecja
Finlandia
Estonia
Holandia
Rumunia
 
Statystyki odpowiedzi
Odpowiedź % Poprawnych
Słowacja
100%
Litwa
98%
Niemcy
98%
Rosja
98%
Ukraina
98%
Białoruś
96%
Czechy
96%
Nie znaleziono quizów pasujących do podanych kryteriów
Rozkład punktacji
Procent ludzi z każdym wynikiem
Percentyl według liczby udzielonych odpowiedzi
Twoja historia wyników
Nie rozwiązałeś tego quizu